Athletico Mince Quiz #3 - Gangs of the EPL - Statistics

General Stats
  • This quiz has been taken 27 times
    26 since last reset
  • The average score is 9 of 16
Answer Stats
Hint Answer % Correct
Name the three core members of the White Harts gang Harry Kane
96%
Name the three core members of the White Harts gang Eric Dier
91%
Name the three core members of the White Harts gang Debbie Alli
78%
If you do, Harry will get into a right f_______ b______ Fluffery buffery
78%
On England duty, "don't pass to _____" (Jamie) Vardy
70%
And who are the founder members of this (probably defunct now) gang? Vans Vertonghen
70%
Nutjob England international. Flew to Pakistan just to buy a tin of sand Jordan Henderson
65%
Which (now ex) Arsenal midfielder loves to laugh? Santi Cazorla
65%
Nutflix movie star, defensive genius and occasional right-back Phil Jones
61%
What's the name of the gang over at Arsenal? The Peaky Gooners
52%
And who are the founder members of this (probably defunct now) gang? Toby Alderweireld
52%
The ultimate physical punishment dished out to enemies (it's thrown at you) Water that is not clean
52%
Patrick Bamford's preferred beverage Frothy Coffee
39%
Where does most football gangland activity take place? In the toilets
39%
What are the other gang in the Spurs dressing room called? Yodel
22%
This northern striker/Southern belle has the catchphrase "Well, I do declare" Marcus Rashford
13%
No matching quizzes found
Score Distribution
Percent of People with Each Score
Percentile by Number Answered
Your Score History
You have not taken this quiz since the last reset